Statistics for Five Biggest Cities by Continent by Letter - R

Click here to take the quiz!

General Stats

  • This quiz has been taken 178 times
  • The average score is 11 of 30

Answer Stats

Population Country City % Correct
2,873,000ItalyRome
98%
5,188,000Saudi ArabiaRiyadh
98%
578,000MoroccoRabat
97%
6,520,000BrazilRio de Janeiro
95%
641,000LatviaRiga
94%
635,000NetherlandsRotterdam
93%
459,000USARaleigh
67%
1,634,000BrazilRecife
65%
223,000USARichmond
65%
1,125,000RussiaRostov-on-Don
60%
1,323,000ArgentinaRosario
56%
2,098,000PakistanRawalpindi
52%
324,000USARiverside
28%
245,000USAReno
27%
1,391,000IndiaRajkot
25%
58,000New ZealandRotorua
18%
1,120,000IndiaRanchi
18%
1,124,000IndiaRaipur
17%
80,000AustraliaRockhampton
16%
650,000MexicoReynosa
9%
538,000RussiaRyazan
9%
312,000South AfricaRustenburg
7%
425,000ArgentinaResistencia
6%
221,000SenegalRufisque
5%
123,000AlgeriaRelizane
4%
237,000KenyaRuiru
4%
680,000BrazilRibeirão Preto
4%
13,000New ZealandRangiora
3%
17,000AustraliaRolleston
1%
13,000AustraliaRaymond Terrace
1%

Score Distribution

Percentile by Number Answered

Percent of People with Each Score

Your Score History

You have not taken this quiz